000 01110nam a2200337 a 4500
001 000028451
003 DO-SdBNP
005 20180213111005.0
007 000028451
008 110408s2010 dr a 001 e spa d
020 _a9789945460759
040 _aBPMSU
_bspa
_cBPMSU
092 _aRD864.44
_bS211r, 2010
100 1 _aSánchez Guerrero, Natacha
245 1 0 _aReflexiones sobre la vida y la muerte /
_cNatacha Sánchez ; dibujos de Barbara Bosch.
250 _a2ª ed.
260 _aSanto Domingo :
_bSantuario,
_c2010.
300 _a106 p. :
_b24 cm.
490 1 _aSantuario
500 _aIncluye datos biográficos de la autora en la solapa de la cubierta.
650 4 _aENSAYOS DOMINICANOS
650 4 _aLITERATURA DOMINICANA
650 4 _aDIARIOS DOMINICANOS
_xSECCIONES, COLUMNAS, ETC.
700 1 2 _aBosch, Barbara,
_eil.
730 0 _aEl Nacional (República Dominicana)
_pSuma para la Convivencia
830 0 _aSantuario
910 _aValidado. Control de calidad EMS
942 _2ddc
_cBK
945 _aInventariado / 2017 VM
956 _aVMATEO
_b10
_c20150427
_lBPMSU
_h00151
999 _c7712
_d7712